000 00710nam a2200277Ia 4500
003 OSt
005 20221006144439.0
006 a|||||r|||| 00| 0
007 ta
008 221006b |||||||| |||| 00| 0 eng d
020 _a0333323947
_c£15.00
020 _a9780333323946
024 _a11,700
037 _cTextual
040 _aEASL
_cEASL
_beng
041 _2eng
_aeng
082 _aV1:1954x, M1
100 _aBERTRAM Christoph Ed.
245 0 _aFuture of strategic deterrence
260 _aLondon
_bMacmillan
_c1981
300 _a108p.
_ccm.
490 _v Gen
650 _aGen
942 _hV1:1954x, M1
_cTEXL
_2CC
999 _c1079786
_d1079786